000 00640nam a22002417a 4500
003 UA-OsUOA
001 45621
007 ta
008 20070503b un ||||| |||| 00| 0 ukr d
100 _aМойсієнко А.К.
090 _a821.161.2
_bМ74
942 _cBK
040 _aUA-OsUOA
_bukr
_cUA-OsUOA
_dUA-OsUOA
245 _aВибране
_bПоезіїї і переклади
300 _a528 с.
955 _a3
041 _aukr
080 _a821.161.2
020 _a966-651-357-9
260 _aК.
_bФенікс
_c2006
650 7 _a82 Література. Літературознавство
_2UDC
999 _c331723
_d331723